[Event "Ricany op-A"]
[Site "Ricany"]
[Date "2008.08.28"]
[Round "7"]
[White "Mejzlik, Ondrej"]
[Black "Herejk, Petr"]
[Result "1/2-1/2"]
[WhiteElo "2190"]
[BlackElo "2197"]
[PlyCount "97"]
[EventDate "2008.08.23"]
[EventType "swiss"]
[EventRounds "9"]
[EventCountry "CZE"]
[SourceTitle "CBM 126 Extra"]
[Source "ChessBase"]
[SourceDate "2008.11.05"]
[SourceVersion "1"]
[SourceVersionDate "2008.11.05"]
[SourceQuality "1"]

1. c4 e5 2. Nc3 Nf6 3. g3 d5 4. cxd5 Nxd5 5. Bg2 Nb6 6. Nf3 Nc6 7. 0-0 Be7 8. d3 0-0 9. a3 Re8 10. b4 Bf8 11. Bb2 a5 12. b5 Nd4 13. Nxd4 exd4 14. Na4 Bg4 15. Re1 Rb8 16. Be4 Nc8 17. Bf3 Bxf3 18. exf3 c5 19. bxc6 Rxe1+ 20. Qxe1 bxc6 21. Qe5 Rb5 22. Qxd4 Qxd4 23. Bxd4 Rd5 24. Be3 Rxd3 25. Nc5 Rxe3 26. fxe3 Bxc5 27. Kf2 Ne7 28. Ke2 f5 29. Kd3 Kf7 30. h3 Ke6 31. g4 g6 32. e4 fxe4+ 33. Kxe4 Nd5 34. f4 a4 35. h4 Be7 36. Kf3 Bd6 37. Rc1 Kd7 38. Rc4 Nb6 39. Rc3 c5 40. h5 gxh5 41. g5 Kc6 42. f5 c4 43. Ke4 h4 44. g6 hxg6 45. fxg6 Bf8 46. Rf3 Bh6 47. Rf6+ Kc5 48. Rf5+ Kd6 49. Rf6+ 1/2-1/2

[Event "Ricany op-A"]
[Site "Ricany"]
[Date "2008.08.24"]
[Round "2"]
[White "Fikr, Lukas"]
[Black "Herejk, Petr"]
[Result "1/2-1/2"]
[WhiteElo "2037"]
[BlackElo "2197"]
[PlyCount "91"]
[EventDate "2008.08.23"]
[EventType "swiss"]
[EventRounds "9"]
[EventCountry "CZE"]
[SourceTitle "CBM 126 Extra"]
[Source "ChessBase"]
[SourceDate "2008.11.05"]
[SourceVersion "1"]
[SourceVersionDate "2008.11.05"]
[SourceQuality "1"]

1. Nf3 Nf6 2. g3 g6 3. Bg2 Bg7 4. 0-0 0-0 5. c4 d6 6. Nc3 Nc6 7. Rb1 e5 8. d3 a6 9. b4 Re8 10. Nd2 Rb8 11. a4 a5 12. b5 Nd4 13. Nb3 b6 14. Bg5 Ne6 15. Bd2 Nd7 16. Bd5 Ndc5 17. Nxc5 Nxc5 18. Ne4 Ne6 19. Qc1 Kh8 20. Kg2 Rf8 21. h4 f5 22. Ng5 Nxg5 23. Bxg5 Bf6 24. Rh1 Bb7 25. Bxb7 Rxb7 26. f4 h5 27. Re1 Bxg5 28. hxg5 Qd7 29. Qc3 Qg7 30. Rf1 exf4 31. Qxg7+ Kxg7 32. gxf4 Rbb8 33. Rbe1 Rbe8 34. e4 fxe4 35. dxe4 Re7 36. Kf3 Rfe8 37. Re3 Kf7 38. Rfe1 Re6 39. Rd1 R6e7 40. Rd5 Re6 41. Rdd3 R8e7 42. f5 Re5 43. f6 Re8 44. Rd5 R8e6 45. Kf4 Re8 46. Re2 1/2-1/2

[Event "Ricany op-A"]
[Site "Ricany"]
[Date "2007.09.01"]
[Round "8"]
[White "Herejk, Petr"]
[Black "Ptak, Pavel"]
[Result "1/2-1/2"]
[WhiteElo "2142"]
[BlackElo "2144"]
[PlyCount "71"]
[EventDate "2007.08.25"]
[EventType "swiss"]
[EventRounds "9"]
[EventCountry "CZE"]
[SourceTitle "EXT 2008"]
[Source "ChessBase"]
[SourceDate "2007.11.25"]
[SourceVersion "1"]
[SourceVersionDate "2007.11.25"]
[SourceQuality "1"]

1. e4 g6 2. d4 Bg7 3. Nc3 c6 4. Bc4 d6 5. Nf3 Nf6 6. 0-0 d5 7. exd5 cxd5 8. Bb5+ Bd7 9. Bxd7+ Nbxd7 10. Re1 0-0 11. Bg5 Re8 12. Ne5 Rc8 13. Qf3 Nf8 14. Qh3 Qb6 15. Nd3 Ne4 16. Nxd5 Nxg5 17. Qxc8 Rxc8 18. Nxb6 axb6 19. c3 Nge6 20. Nb4 Rd8 21. Rad1 Bf6 22. g3 h5 23. c4 Ng7 24. Kg2 Nge6 25. Kf3 Nc7 26. h3 Nd5 27. Nd3 Ne6 28. a3 b5 29. Rg1 Rc8 30. Ra1 Nb6 31. Rg2 Nxc4 32. Nb4 Nc7 33. g4 hxg4+ 34. hxg4 e6 35. Rh2 Nd5 36. Nd3 1/2-1/2